000 00312nam a2200133 i 4500
001 bg
100 1 _aKWIATKOWSKI, Janusz
245 0 _aProcesy wymiany ciepła /
_cJanusz Kwiatkowski.
260 _aLublin,
_c1978.
040 _cBPK
041 _apol
942 _cKS
008 s pl f |000 0 pol
999 _c18517
_d18517
856 _uhttp://koha.tu.koszalin.pl/cgi-bin/koha/opac-detail.pl?biblionumber=18517
_yKatalog online BPK